| 000 | 00570nam a22002177a 4500 | ||
|---|---|---|---|
| 003 | UA-OsUOA | ||
| 001 | 78583 | ||
| 007 | ta | ||
| 008 | 20111017b un ||||| |||| 00| 0 ukr d | ||
| 100 | _aКери Дж. | ||
| 090 |
_a821.161.1 _bК36 |
||
| 942 | _cBK | ||
| 040 |
_aUA-OsUOA _cUA-OsUOA _dUA-OsUOA |
||
| 245 |
_aСборник _bроман, рассказы |
||
| 300 | _a496 с. | ||
| 955 | _a3 | ||
| 080 | _a821.161.1 | ||
| 260 |
_aМ. _bПрогресс _c1980 |
||
| 650 | 7 |
_a82 Література. Літературознавство _2UDC |
|
| 999 |
_c364904 _d364904 |
||